सुरभि के पंख / (Record no. 115219)
[ view plain ]
| 000 -LEADER | |
|---|---|
| fixed length control field | 00942nam a22002537a 4500 |
| 005 - DATE AND TIME OF LATEST TRANSACTION | |
| control field | 20170124103020.0 |
| 010 ## - LIBRARY OF CONGRESS CONTROL NUMBER | |
| LC control number | A-671631 |
| 020 ## - INTERNATIONAL STANDARD BOOK NUMBER | |
| Terms of availability | 40.00 |
| 035 ## - SYSTEM CONTROL NUMBER | |
| System control number | A-671631 |
| 037 ## - SOURCE OF ACQUISITION | |
| Source of stock number/acquisition | Cen Lib/Ret |
| 040 ## - CATALOGING SOURCE | |
| Original cataloging agency | DPL |
| Language of cataloging | HN |
| 082 ## - DEWEY DECIMAL CLASSIFICATION NUMBER | |
| Classification number | क |
| Item number | गोयल |
| 100 ## - MAIN ENTRY--PERSONAL NAME | |
| Personal name | गोयल, विजया |
| 9 (RLIN) | 60442 |
| 245 ## - TITLE STATEMENT | |
| Title | सुरभि के पंख / |
| Statement of responsibility, etc | विजया गोयल |
| 246 ## - VARYING FORM OF TITLE | |
| Title proper/short title | Surbhi ke pankh / |
| Remainder of title | by Vijya Goyal |
| 260 ## - PUBLICATION, DISTRIBUTION, ETC. (IMPRINT) | |
| Date of publication, distribution, etc | 1993 |
| Place of publication, distribution, etc | नई दिल्ली |
| Name of publisher, distributor, etc | आर्य बुक डिपो |
| 270 ## - ADDRESS | |
| Address | 30, नाईवाला, करोलबाग |
| City | नई दिल्ली |
| Postal code | 110005 |
| 300 ## - PHYSICAL DESCRIPTION | |
| Extent | 128पृ. |
| Dimensions | 17सेमी (सजिल्द) |
| 650 ## - SUBJECT ADDED ENTRY--TOPICAL TERM | |
| Topical term or geographic name as entry element | हिन्दी -- साहित्य |
| 9 (RLIN) | 60443 |
| 650 ## - SUBJECT ADDED ENTRY--TOPICAL TERM | |
| Topical term or geographic name as entry element | हिन्दी -- कहानी |
| 9 (RLIN) | 779 |
| 650 ## - SUBJECT ADDED ENTRY--TOPICAL TERM | |
| Topical term or geographic name as entry element | Hindi -- Literature |
| 9 (RLIN) | 60444 |
| 650 ## - SUBJECT ADDED ENTRY--TOPICAL TERM | |
| Topical term or geographic name as entry element | Hindi -- Story |
| 9 (RLIN) | 43117 |
| 942 ## - ADDED ENTRY ELEMENTS (KOHA) | |
| Source of classification or shelving scheme | Dewey Decimal Classification |
| Koha item type | Hindi Books |
| Classification part | क |
| Call number suffix | गोयल |
| Withdrawn status | Lost status | Damaged status | Not for loan | Home library | Current library | Date acquired | Source of acquisition | Cost, normal purchase price | Total Checkouts | Full call number | Barcode | Date last seen | Copy number | Cost, replacement price | Price effective from | Koha item type |
|---|---|---|---|---|---|---|---|---|---|---|---|---|---|---|---|---|
| Central Library | Central Library | 19/08/2015 | Cen Lib/Ret | 40.00 | क गोयल | A-671631 | 19/08/2015 | 1 | 40.00 | 19/08/2015 | Hindi Books |
